| 000 | 00919nam a2200277 i 4500 | ||
|---|---|---|---|
| 001 | 66690 | ||
| 003 | ES-MaACL | ||
| 005 | 20230906165800.0 | ||
| 007 | t| | ||
| 008 | 040322s1995 ve a |||| | spa d | ||
| 020 | _a980-01-0671-5 | ||
| 080 | _a613.88(51) | ||
| 100 | 1 |
_aGulik, Robert Hans van. _960927 |
|
| 245 | 1 | 3 |
_aLa vida sexual en la antigua China / _cR.H. van Gulik ; traducción Rosario Blanco Facal ; edición al cuidado de Alejandro Salas. |
| 250 | _a1ª ed. | ||
| 260 |
_aCaracas : _bMonte Avila Latinoamericana, _c1995. |
||
| 300 |
_a511 p. : _bil. ; _c20 cm. |
||
| 490 | 1 | _aEstudios. Serie Sociales | |
| 650 | 4 |
_aSexualidad- _zChina- _vHistoria. _917081 |
|
| 651 | 4 |
_aChina- _xUsos y costumbres. _98064 |
|
| 700 | 1 |
_aBlanco Facal, Rosario. _929246 |
|
| 700 | 1 |
_aSalas, Alejandro. _9101721 |
|
| 830 | 0 |
_aEstudios. Serie Sociales _9230826 |
|
| 852 |
_aES-MaACL _jL-27181 |
||
| 999 |
_c66690 _d66690 |
||